000
00301nam a2200145Ia 4500
100
_a
Balagurusamy/ E.
250
_a
2
942
_c
BK
654
_a
Programming
245
_a
Programming in ANSIC
260
_b
Tata Mc Graw hill
_a
Delhi
_c
1998
300
_a
409
546
_a
ENGLISH
999
_c
26178
_d
26178